000 00666nam a22002057a 4500
003 OSt
005 20250711085408.0
008 250711b |||||||| |||| 00| 0 eng d
020 _a9789386314055
040 _aDWCL - Main lib
_cOC
082 _aCirc. 625.76 G896h 2017
100 _aGupta, Avinash
245 _aHighway construction and maintenance/
_cAvinash Gupta
260 _aNew Delhi, India :
_bRandom Publications,
_cc2017.
300 _avi, 298 pages :
_billustrations ;
_c24 cm.
504 _aIncludes bibliographical references and index.
650 _a1. Highway engineering.
650 _a2.Roads-- Maintenance.
942 _2ddc
_cBK-CIRC
_kCirc.
_n0
999 _c3631
_d3631